000 00972nam0a22002771 4500
001 rc\4547422
005 20250611193223.0
021 _aRU
_b[63-23918]
035 _a(NLR Aleph) 008363193
090 _a9011298
_c9011298
100 _a20130416d1963 |||y0rusy50 ca
101 0 _arus
102 _aRU
105 _aa z |||a|
200 1 _aРассказы и сказки старого Ики
_e[Для детей
_fЛит. обработка З.И. Михеевой
_gИл.: Е.К. Кобелев]
210 _aТюмень
_cКн. изд-во
_d1963
215 _a32 с.
_cил.
_d20
700 1 _aЛазарев
_bГ. Д.
_cжурналист, писатель
_f1917-1979
_gГригорий Дмитриевич
_9146112
_3RU\NLR\AUTH\770146148
702 1 _aКобелев
_bЕ.К.
_4440
702 1 _aМихеева
_bЗ.И.
_4570
801 0 _aRU
_bNLR
_gpsbo
801 1 _aRU
_bELAR
_2rusmarc
852 _aNLR
_j63-4/5949
942 _cBOOK
980 _aNB